The international Corporation and the Transfer of Technology
Guardat en:
| Autor corporatiu: | |
|---|---|
| Format: | Llibre |
| Idioma: | Undetermined |
| Publicat: |
New York
Special Committee on the International Corporation
1972
|
| Matèries: | |
| Etiquetes: |
Afegir etiqueta
Sense etiquetes, Sigues el primer a etiquetar aquest registre!
|
| Thư viện lưu trữ: | Trung tâm Học liệu Trường Đại học Cần Thơ |
|---|
| LEADER | 00575nam a2200181Ia 4500 | ||
|---|---|---|---|
| 001 | CTU_85895 | ||
| 008 | 210402s9999 xx 000 0 und d | ||
| 082 | |a 380.1 | ||
| 082 | |b I.61 | ||
| 110 | |a International Chamber of Commerce | ||
| 245 | 4 | |a The international Corporation and the Transfer of Technology | |
| 245 | 0 | |c International Chamber of Commerce | |
| 260 | |a New York | ||
| 260 | |b Special Committee on the International Corporation | ||
| 260 | |c 1972 | ||
| 650 | |a Technology transfer | ||
| 904 | |i Năm | ||
| 980 | |a Trung tâm Học liệu Trường Đại học Cần Thơ | ||